[Event "Olomouc Chess Summer 2025 - B1"]
[Site "Olomouc (CZE), Hotel Flora"]
[Date "2025.08.24"]
[Round "9"]
[Board "5"]
[White "Biolek, Richard Jr."]
[Black "Dziewonski, Dariusz"]
[Result "1/2-1/2"]
[WhiteElo "2397"]
[BlackElo "2256"]
[PlyCount "0"]
[EventDate "2025.08.17"]
[EventRounds "9"]
[EventCountry "CZE"]

1. e4 e5 2. Nf3 Nf6 3. Nxe5 Nxe4 4. Qe2 Qe7 5. Qxe4 d6 6. d4 dxe5 7. dxe5 Nc6 8.
Nc3 Qxe5 9. Qxe5+ Nxe5 10. Nb5 Bb4+ 11. Bd2 Bxd2+ 12. Kxd2 Kd8 13. Re1 f6 14. f4
Nc6 15. Kc1 Bd7 16. Rd1 Kc8 17. Be2 h5 18. Rhe1 a6 19. Nc3 Bg4 20. Rd3 b6 21. Rg3
Bxe2 22. Rxe2 Rg8 23. Rd2 Ne7 24. Nd5 Nxd5 25. Rxd5 h4 26. Rg6 Kb7 27. Rd7 Rae8 28.
Rgxg7 Rxg7 29. Rxg7 Re2 30. Rg6 f5 31. Rg5 Rf2 32. g3 Rxh2 33. gxh4 Rxh4 34. Rxf5
Rh2 35. b4 b5 36. Kb2 Rh3 37. Rf8 Rf3 38. f5 Kc6 39. f6 Kd7 40. f7 Kc6 41. Ra8 Rxf7
42. Rxa6+ Kb7 43. Rh6 Rf4 44. Kb3 Rf3+ 45. c3 c6 46. Rh5 Kb6 47. Rc5 Rf1 48. a3 Rb1+
49. Kc2 Ra1 50. Kb2 Rh1 51. Rg5 Rh2+ 52. Kb3 Rh3 53. Rg2 Rf3 54. Re2 Rh3 55. Re5
Rg3 56. Rc5 Rg1 57. a4 Ra1 58. axb5 cxb5 59. Kc2 Rh1 60. Re5 Rh6 61. Kd3 Rd6+ 62.
Ke4 Rd1 63. Re6+ Kc7 64. Rf6 Kb7 65. Rf3 Kc6 66. Rf6+ Kb7 67. Rf5 Kc6 68. Rc5+ Kb6
69. Rd5 Re1+ 70. Kd4 Rd1+ 71. Ke5 Re1+ 72. Kd6 Re3 73. Rc5 Rd3 74. Ke6 Re3 75. Kd7
Rd3+ 76. Ke6 Re3 77. Kd5 Rd3+ 78. Ke4 Rd1 79. Rf5 Kc6 80. Rf6+ Kb7  1/2-1/2

[Event "Olomouc Chess Summer 2025 - B2"]
[Site "Olomouc (CZE), Hotel Flora"]
[Date "2025.08.17"]
[Round "1"]
[Board "1"]
[White "Lalic, Bogdan"]
[Black "Warchol, Kamil"]
[Result "1/2-1/2"]
[WhiteElo "2317"]
[BlackElo "2280"]
[PlyCount "0"]
[EventDate "2025.08.17"]
[EventRounds "9"]
[EventCountry "CZE"]

1. d4 Nf6 2. c4 e6 3. Nc3 Bb4 4. f3 c5 5. d5 b5 6. e4 d6 7. Bd2 bxc4 8. Bxc4 O-O
9. Nge2 Ba6 10. Bxa6 Nxa6 11. Nf4  1/2-1/2

[Event "Olomouc Chess Summer 2025 - B2"]
[Site "Olomouc (CZE), Hotel Flora"]
[Date "2025.08.17"]
[Round "1"]
[Board "2"]
[White "Jurek, Josef"]
[Black "Bokhnak, Tymofii"]
[Result "1/2-1/2"]
[WhiteElo "2137"]
[BlackElo "2261"]
[PlyCount "0"]
[EventDate "2025.08.17"]
[EventRounds "9"]
[EventCountry "CZE"]

1. Nf3 Nf6 2. c4 e6 3. Nc3 d5 4. d4 Be7 5. Bg5 O-O 6. e3 Nbd7 7. Rc1 a6 8. c5 c6
9. b4 b6 10. Be2 h6 11. Bh4 Re8 12. O-O a5 13. a3 Bb7 14. Qc2 Bf8 15. e4 g5 16. Nxg5
hxg5 17. Bxg5 dxe4 18. Nxe4 Be7 19. Nd6 Bxd6 20. cxd6 Qb8 21. Bf4 axb4 22. axb4 Nd5
23. Bg3 Qd8 24. Qd2 Qf6 25. Rfe1 Ra4 26. Bf3 Qg6 27. Re4 N7f6 28. Re5 Nh7 29. Rce1
Rea8 30. d7 Ndf6 31. Bd1 Nxd7 32. Bxa4 Nxe5 33. Bc2 Ra2 34. Bxg6 Rxd2 35. Bxh7+ Kxh7
36. Bxe5 Kg6 37. h3 f6 38. Bc7 Rxd4 39. Bxb6  1/2-1/2

[Event "Olomouc Chess Summer 2025 - B2"]
[Site "Olomouc (CZE), Hotel Flora"]
[Date "2025.08.17"]
[Round "1"]
[Board "3"]
[White "Postlmayer, Jakob"]
[Black "Ptacnikova, Lenka"]
[Result "1-0"]
[WhiteElo "2422"]
[BlackElo "2115"]
[PlyCount "0"]
[EventDate "2025.08.17"]
[EventRounds "9"]
[EventCountry "CZE"]

1. d4 Nf6 2. c4 e6 3. Nc3 Bb4 4. f3 c5 5. d5 d6 6. e4 b5 7. Bd2 a6 8. a4 bxc4 9.
Bxc4 O-O 10. Nge2 e5 11. O-O Nbd7 12. g4 Nb6 13. b3 Nxc4 14. bxc4 Nd7 15. Be3 Nb6
16. Qd3 Bd7 17. Kg2 Ba5 18. Ra2 Qe8 19. Rfa1 f6 20. Bd2 h5 21. h3 Rb8 22. Ng3 hxg4
23. hxg4 Bxc3 24. Bxc3 g6 25. a5 Nxc4 26. Rh1 Bb5 27. Kg1 Rb7 28. Rah2 Rg7 29. Qb1
Kf7 30. Qc1 Qd8 31. f4 Ke8 32. Rh8 Qe7 33. Kf2 exf4 34. Qxf4 Ne5 35. Kg2 Be2 36.
Nxe2 g5 37. Qf5 Ng6 38. Rxf8+ Nxf8 39. Bxf6  1-0

[Event "Olomouc Chess Summer 2025 - B2"]
[Site "Olomouc (CZE), Hotel Flora"]
[Date "2025.08.17"]
[Round "1"]
[Board "4"]
[White "Biolek, Richard"]
[Black "Kejna, Piotr"]
[Result "1/2-1/2"]
[WhiteElo "2334"]
[BlackElo "2363"]
[PlyCount "0"]
[EventDate "2025.08.17"]
[EventRounds "9"]
[EventCountry "CZE"]

1. d4 Nf6 2. Nf3 g6 3. c3 Bg7 4. Bf4 d6 5. e3 O-O 6. Be2 Nbd7 7. h3 b6 8. O-O Bb7
9. Bh2 Ne4 10. Nbd2 e5 11. Nxe4 Bxe4 12. a4 a5 13. b4 Qe7 14. Qb3 Bb7 15. Rac1 Ra7
16. b5 Kh8 17. Rfe1 Raa8 18. Bc4 Bxf3 19. gxf3 f5 20. f4 e4 21. Kg2 Rfd8  1/2-1/2

[Event "Olomouc Chess Summer 2025 - B2"]
[Site "Olomouc (CZE), Hotel Flora"]
[Date "2025.08.17"]
[Round "1"]
[Board "5"]
[White "Arora, Honi"]
[Black "Filindash, Nikita"]
[Result "1/2-1/2"]
[WhiteElo "2270"]
[BlackElo "2134"]
[PlyCount "0"]
[EventDate "2025.08.17"]
[EventRounds "9"]
[EventCountry "CZE"]

1. e4 e5 2. Nf3 Nf6 3. Nxe5 d6 4. Nf3 Nxe4 5. Nc3 Nxc3 6. dxc3 Be7 7. Be3 O-O 8.
Qd2 Nd7 9. O-O-O Re8 10. h4 Nf6 11. Bd3 Bf8 12. Bg5 h6 13. Qf4 Nh5 14. Qc4 Qd7 15.
Bg6 Qe6 16. Qxe6 Bxe6 17. Bxh5 g6 18. Bxg6 fxg6 19. Be3 c5 20. Rhe1 b5 21. Bf4 d5
22. Re3 Bg7 23. Rde1 Kf7 24. Ne5+ Bxe5 25. Rxe5 h5 26. Bg5 a5 27. R1e3 c4 28. Kd2
Rac8 29. a3 Rb8 30. Rf3+ Kg7 31. Bf6+ Kg8 32. Ke3 Bf5 33. Kd2 Rxe5 34. Bxe5 Re8 35.
Re3 a4 36. g3 Kf7 37. f4 Re6 38. Re2 Ke7  1/2-1/2

[Event "Olomouc Chess Summer 2025 - B2"]
[Site "Olomouc (CZE), Hotel Flora"]
[Date "2025.08.18"]
[Round "2"]
[Board "1"]
[White "Warchol, Kamil"]
[Black "Filindash, Nikita"]
[Result "1-0"]
[WhiteElo "2280"]
[BlackElo "2134"]
[PlyCount "0"]
[EventDate "2025.08.17"]
[EventRounds "9"]
[EventCountry "CZE"]

1. e4 d6 2. d4 Nf6 3. Nc3 e5 4. Nf3 Nbd7 5. Bc4 Be7 6. O-O O-O 7. Re1 c6 8. a4 h6
9. h3 Re8 10. b3 Qa5 11. Bd2 Qc7 12. Bd3 exd4 13. Nxd4 Bf8 14. Bf1 Nc5 15. Qf3 Qe7
16. Bc4 Qe5 17. Bf4 Qh5 18. Qxh5 Nxh5 19. Bh2 g6 20. Rad1 Nf6 21. f3 Ncd7 22. Bf1
a5 23. Kh1 Nb6 24. Nde2 Re6 25. Rd2 Bd7 26. Red1 Nc8 27. e5 dxe5 28. Rxd7 Nxd7 29.
Rxd7 Nd6 30. Nc1 b6 31. Nd3 Nf5 32. Nxe5 Ne3 33. Bd3 Bg7 34. f4 g5 35. Ne4 gxf4 36.
Nxf7 Nd5 37. Rd8+ Rxd8 38. Nxd8 Rg6 39. Bc4 Kf8 40. Nxc6 Ne3 41. Bb5 Nxg2 42. Nd2
Rd6 43. Nc4 Rg6 44. N6e5 Bxe5 45. Nxe5 Rg5 46. Bf1 Nh4 47. Bxf4 Rf5 48. Nd3 h5 49.
Be2 Ng6 50. Bc7 b5 51. axb5 Rxb5 52. Nf4 Rb7 53. Nxg6+ Kg7 54. Nf4  1-0

[Event "Olomouc Chess Summer 2025 - B2"]
[Site "Olomouc (CZE), Hotel Flora"]
[Date "2025.08.18"]
[Round "2"]
[Board "2"]
[White "Kejna, Piotr"]
[Black "Arora, Honi"]
[Result "1-0"]
[WhiteElo "2363"]
[BlackElo "2270"]
[PlyCount "0"]
[EventDate "2025.08.17"]
[EventRounds "9"]
[EventCountry "CZE"]

1. e4 c5 2. Nf3 d6 3. d4 cxd4 4. Nxd4 Nf6 5. Nc3 a6 6. Bc4 e6 7. Bb3 Be7 8. g4 h6
9. Be3 b5 10. f3 Qc7 11. Qd2 Bd7 12. a4 b4 13. Nce2 Nc6 14. Nxc6 Bxc6 15. Nd4 Bd7
16. O-O-O Qa5 17. h4 Bxa4 18. g5 Nd7 19. Kb1 Bxb3 20. cxb3 Rc8 21. gxh6 gxh6 22.
Bxh6 Nc5 23. Qe3 Qc7 24. h5 Bf6 25. Bg5 Qe7 26. Bxf6 Qxf6 27. h6 Rh7 28. Nc2 Ke7
29. Nxb4 a5 30. Na2 Rb8 31. Nc1 Qe5 32. Rd2 Rb7 33. Rg1 a4 34. Rg5 f5 35. Rdg2 Kd7
36. b4 Na6 37. Nd3 Qb5 38. Rg7+ Kc8 39. Rc2+  1-0

[Event "Olomouc Chess Summer 2025 - B2"]
[Site "Olomouc (CZE), Hotel Flora"]
[Date "2025.08.18"]
[Round "2"]
[Board "3"]
[White "Ptacnikova, Lenka"]
[Black "Biolek, Richard"]
[Result "1/2-1/2"]
[WhiteElo "2115"]
[BlackElo "2334"]
[PlyCount "0"]
[EventDate "2025.08.17"]
[EventRounds "9"]
[EventCountry "CZE"]

1. Nf3 d6 2. d4 g6 3. c4 Bg7 4. g3 e5 5. dxe5 dxe5 6. Qxd8+ Kxd8 7. Nc3 f6 8. h4
Be6 9. e3 Nd7 10. b3 Nh6 11. Ba3 Bf8 12. Bxf8 Rxf8 13. O-O-O c6 14. Bh3 Bxh3 15.
Rxh3 Ke7 16. Rd2 Nc5 17. b4 Ne6 18. Rh1 Rfd8 19. Rhd1 Ng4 20. Rxd8 Rxd8 21. Rxd8
Nxd8 22. Nd1 e4 23. Nd2 f5 24. f3 exf3 25. Nxf3 c5 26. b5 Nf7 27. Kc2 Nd6 28. Nd2
h6 29. Kd3 Ke6 30. a3 g5 31. hxg5 hxg5 32. a4 b6 33. Kc3 Ne4+ 34. Nxe4 fxe4 35. Kd2
Kf5 36. Kc3 Ne5 37. Nf2 g4 38. Nd1 Nd3 39. Kd2 Ne5 40. Nb2 Nf7 41. Ke2 Nd6 42. Kf2
Ke5  1/2-1/2

[Event "Olomouc Chess Summer 2025 - B2"]
[Site "Olomouc (CZE), Hotel Flora"]
[Date "2025.08.18"]
[Round "2"]
[Board "4"]
[White "Bokhnak, Tymofii"]
[Black "Postlmayer, Jakob"]
[Result "0-1"]
[WhiteElo "2261"]
[BlackElo "2422"]
[PlyCount "0"]
[EventDate "2025.08.17"]
[EventRounds "9"]
[EventCountry "CZE"]

1. e4 c5 2. Nf3 d6 3. d4 cxd4 4. Nxd4 Nf6 5. Nc3 Nc6 6. Be3 Ng4 7. Bb5 Nxe3 8. fxe3
Bd7 9. O-O e6 10. Bxc6 bxc6 11. Qf3 Qf6 12. Qxf6 gxf6 13. Rxf6 Bg7 14. Rff1 Rb8 15.
Rab1 c5 16. Nf3 Ke7 17. e5 dxe5 18. Ne4 Rhc8 19. c4 f5 20. Nc3 e4 21. Nd2 h5 22.
Nb3 Be5 23. Ne2 Ba4 24. Nf4 Bxb3 25. axb3 Rxb3 26. Ra1 Rc7 27. Ra6 Bxf4 28. Rxf4
Rxb2 29. Rh4 Rd7 30. h3 Rd1+ 31. Kh2 Rdd2 32. Rxh5 Rxg2+ 33. Kh1 Rh2+ 34. Kg1 Rbg2+
35. Kf1 Rc2 36. Kg1 Rhd2 37. Rxa7+ Kf6 38. Ra1 Rxc4 39. h4 Rc3 40. Rh6+ Ke5 41. Re1
Rcc2 42. h5 Rg2+ 43. Kh1 Rh2+ 44. Kg1 Rcg2+ 45. Kf1 Rg5  0-1

[Event "Olomouc Chess Summer 2025 - B2"]
[Site "Olomouc (CZE), Hotel Flora"]
[Date "2025.08.18"]
[Round "2"]
[Board "5"]
[White "Lalic, Bogdan"]
[Black "Jurek, Josef"]
[Result "1/2-1/2"]
[WhiteElo "2317"]
[BlackElo "2137"]
[PlyCount "0"]
[EventDate "2025.08.17"]
[EventRounds "9"]
[EventCountry "CZE"]

1. d4 Nf6 2. c4 e6 3. Nf3 b6 4. a3 Bb7 5. Nc3 g6 6. Qc2 Bxf3 7. gxf3 Nc6 8. e3 Bg7
9. f4 Nh5 10. Bg2 O-O 11. Bd2 Rb8 12. Ne4 Ne7 13. Ng3  1/2-1/2

[Event "Olomouc Chess Summer 2025 - B2"]
[Site "Olomouc (CZE), Hotel Flora"]
[Date "2025.08.18"]
[Round "3"]
[Board "1"]
[White "Jurek, Josef"]
[Black "Warchol, Kamil"]
[Result "1/2-1/2"]
[WhiteElo "2137"]
[BlackElo "2280"]
[PlyCount "0"]
[EventDate "2025.08.17"]
[EventRounds "9"]
[EventCountry "CZE"]

1. Nf3 d5 2. d4 Nf6 3. c4 e6 4. g3 Bb4+ 5. Bd2 Be7 6. Bg2 O-O 7. O-O c6 8. Qc2 Nbd7
9. Bf4 b6 10. cxd5 cxd5 11. Bc7 Qe8 12. Rc1 Ba6 13. Qd1 Rc8 14. Nbd2 Nb8 15. Ne5
Bb7 16. Bxb8 Rxb8 17. Qb3 Bd6 18. a4 Nd7 19. Nxd7 Qxd7 20. e3  1/2-1/2

[Event "Olomouc Chess Summer 2025 - B2"]
[Site "Olomouc (CZE), Hotel Flora"]
[Date "2025.08.18"]
[Round "3"]
[Board "2"]
[White "Postlmayer, Jakob"]
[Black "Lalic, Bogdan"]
[Result "1/2-1/2"]
[WhiteElo "2422"]
[BlackElo "2317"]
[PlyCount "0"]
[EventDate "2025.08.17"]
[EventRounds "9"]
[EventCountry "CZE"]

1. c4 e6 2. Nc3 d5 3. d4 a6 4. cxd5 exd5 5. Qb3 c5 6. Qxd5 cxd4 7. Qxd8+ Kxd8 8.
Nd5 Be6 9. Nf4 Nc6 10. Nxe6+ fxe6 11. Nf3 Bb4+ 12. Nd2 Nf6 13. g3 Rc8 14. Bg2 Ke7
15. a3 Bc5 16. Ne4 Ba7 17. Bd2 Nd5 18. O-O Ne5 19. Rfc1 d3 20. Bf1 dxe2 21. Bxe2
Bd4 22. Rxc8 Rxc8 23. Rc1 Rxc1+ 24. Bxc1 b5 25. b3 Nc6 26. a4 bxa4 27. bxa4 a5 28.
Bd2 h6 29. Bb5 Ncb4 30. Kf1 Nf6 31. Nxf6 Kxf6 32. Ke2 Ke7 33. h4 Kd6 34. f4 e5 35.
Kf3 exf4 36. Bxf4+ Be5 37. Bd2 Kd5 38. g4 Bc7 39. g5 hxg5 40. hxg5 g6 41. Be8 Nc6
42. Bf7+ Kc5 43. Ke4 Ne5 44. Be6 Nc4 45. Bc3 Bg3 46. Bf6 Kb4 47. Be7+ Kc3 48. Bf7
Nd2+ 49. Ke3 Nc4+ 50. Ke2 Ne5 51. Bf6 Kb4 52. Be8 Bf4 53. Be7+ Kc4 54. Bd8 Kd5 55.
Kf2 Bd2 56. Ke2 Bf4 57. Kd1 Nc6 58. Bf6 Ne5 59. Ke2 Ke6 60. Bb5 Kd5 61. Bd8 Nc6 62.
Bxc6+ Kxc6 63. Bxa5 Bxg5  1/2-1/2

[Event "Olomouc Chess Summer 2025 - B2"]
[Site "Olomouc (CZE), Hotel Flora"]
[Date "2025.08.18"]
[Round "3"]
[Board "3"]
[White "Biolek, Richard"]
[Black "Bokhnak, Tymofii"]
[Result "1/2-1/2"]
[WhiteElo "2334"]
[BlackElo "2261"]
[PlyCount "0"]
[EventDate "2025.08.17"]
[EventRounds "9"]
[EventCountry "CZE"]

1. d4 d5 2. Bf4 Nf6 3. e3 e6 4. Nf3 Bd6 5. Ne5 c5 6. Bb5+ Ke7 7. Be2 Nc6 8. O-O Qc7
9. Nc3 a6 10. Nxc6+ bxc6 11. Bxd6+ Qxd6 12. Na4 cxd4 13. exd4 Re8 14. c4 dxc4 15.
Rc1 Kf8 16. Rxc4 a5 17. Qc2 Rb8 18. Bf3 Kg8 19. Rxc6 Qxd4 20. Rd1 Qf4 21. Rc4 Qg5
22. Rcd4 e5  1/2-1/2

[Event "Olomouc Chess Summer 2025 - B2"]
[Site "Olomouc (CZE), Hotel Flora"]
[Date "2025.08.18"]
[Round "3"]
[Board "4"]
[White "Arora, Honi"]
[Black "Ptacnikova, Lenka"]
[Result "1/2-1/2"]
[WhiteElo "2270"]
[BlackElo "2115"]
[PlyCount "0"]
[EventDate "2025.08.17"]
[EventRounds "9"]
[EventCountry "CZE"]

1. e4 c5 2. Nf3 e6 3. d4 cxd4 4. Nxd4 Nc6 5. Nc3 Qc7 6. Be3 a6 7. Qf3 Nf6 8. O-O-O
Ne5 9. Qg3 b5 10. Bxb5 axb5 11. Ndxb5 Qb8 12. Bf4 d6 13. Rxd6 Nh5 14. Qg5 Bxd6 15.
Nxd6+ Qxd6 16. Bxe5 Ra5 17. f4 Nxf4 18. Nd5 Ne2+ 19. Kb1 Rxd5 20. exd5 Qxd5 21. Qxg7
Rf8 22. b3 f6 23. Bxf6 Rf7 24. Qg8+ Rf8 25. Qg7 Rf7  1/2-1/2

[Event "Olomouc Chess Summer 2025 - B2"]
[Site "Olomouc (CZE), Hotel Flora"]
[Date "2025.08.18"]
[Round "3"]
[Board "5"]
[White "Filindash, Nikita"]
[Black "Kejna, Piotr"]
[Result "0-1"]
[WhiteElo "2134"]
[BlackElo "2363"]
[PlyCount "0"]
[EventDate "2025.08.17"]
[EventRounds "9"]
[EventCountry "CZE"]

1. d4 Nf6 2. c4 e6 3. Nc3 Bb4 4. Qc2 O-O 5. Nf3 d5 6. cxd5 Qxd5 7. e3 b6 8. Bd2 Bxc3
9. Bxc3 Ba6 10. Bxa6 Nxa6 11. O-O Ne4 12. Rfd1 Rfd8 13. b3 Rd6 14. Rac1 Rad8 15.
h3 c5 16. a3 f6 17. Bb2 Qb7 18. dxc5 Naxc5 19. Rxd6 Rxd6 20. Bd4 e5 21. Bxc5 Nxc5
22. b4 Ne6 23. Qc8+ Qxc8 24. Rxc8+ Kf7 25. Ne1 Rd1 26. Kf1 Ra1 27. Rc3 Ke7 28. Ke2
Kd7 29. Nc2 Rb1 30. Kd2 Nc7 31. a4 Nd5 32. Rc4 Ne7 33. Ke2 Nf5 34. h4 h5 35. b5 Rb3
36. g3 Nd6 37. Rb4 Rxb4 38. Nxb4 Ne4 39. Na2 Kd6 40. Kf3 f5 41. Nb4 Nc3 42. e4 fxe4+
43. Ke3 Nd5+ 44. Kd4  0-1

[Event "Olomouc Chess Summer 2025 - B2"]
[Site "Olomouc (CZE), Hotel Flora"]
[Date "2025.08.19"]
[Round "4"]
[Board "1"]
[White "Warchol, Kamil"]
[Black "Kejna, Piotr"]
[Result "0-1"]
[WhiteElo "2280"]
[BlackElo "2363"]
[PlyCount "0"]
[EventDate "2025.08.17"]
[EventRounds "9"]
[EventCountry "CZE"]

1. e4 e6 2. d4 d5 3. Nd2 Be7 4. Bd3 c5 5. dxc5 Nf6 6. Qe2 Nc6 7. c3 d4 8. Nb3 dxc3
9. bxc3 e5 10. h3 O-O 11. Nf3 Qc7 12. O-O Nd8 13. Be3 Ne6 14. c6 bxc6 15. Ng5 c5
16. Bc4 Nxg5 17. Bxg5 Bb7 18. Bxf6 Bxf6 19. Rfd1 Rfd8 20. Bd5 Bxd5 21. Rxd5 Rxd5
22. exd5 c4 23. Nd2 Rd8 24. Qxc4 Qxc4 25. Nxc4 Rxd5 26. Rb1 g6 27. Rb8+ Kg7 28. Rb7
e4 29. Rxa7 Bxc3 30. Ne3 Rd2 31. Re7 Rd4 32. Kf1 Rb4 33. g3 Kf8 34. Rc7 Rb1+ 35.
Kg2 Bd4 36. Nc2 Be5 37. Rc5 Bd6 38. Rc6 Ke7 39. a4 Rb2 40. Ne3 Ra2 41. Rc4 f5 42.
h4 Ke6 43. Kf1 Bb8 44. Rc6+ Kf7 45. Rb6 Be5 46. Rb7+ Kg8 47. Rb4 Bc3 48. Rb8+ Kg7
49. Rb7+ Kh6 50. Rb6 Kh5 51. Rb7 h6 52. Nd5 Bd4 53. Rb4 Rxf2+ 54. Ke1 Rf3 55. Rxd4
Rxg3 56. Kf2 Rf3+ 57. Ke2 Kxh4 58. Ne3 Kg3 59. a5 Rf2+ 60. Kd1 Ra2 61. Rd6 Kf3 62.
Nc2 g5 63. Rxh6 Rxa5 64. Ne1+ Kg3 65. Rh1 f4 66. Ke2 Ra2+ 67. Kf1 f3 68. Rg1+ Kf4
69. Rh1 g4 70. Rh8 g3 71. Rg8 g2+ 72. Nxg2+ Rxg2 73. Rf8+ Ke3 74. Ra8 Rd2 75. Ra3+
Rd3 76. Ra1 Rb3 77. Ke1 Kf4  0-1

[Event "Olomouc Chess Summer 2025 - B2"]
[Site "Olomouc (CZE), Hotel Flora"]
[Date "2025.08.19"]
[Round "4"]
[Board "2"]
[White "Ptacnikova, Lenka"]
[Black "Filindash, Nikita"]
[Result "1/2-1/2"]
[WhiteElo "2115"]
[BlackElo "2134"]
[PlyCount "0"]
[EventDate "2025.08.17"]
[EventRounds "9"]
[EventCountry "CZE"]

1. c4 e6 2. Nf3 d5 3. e3 Nf6 4. Nc3 c5 5. cxd5 exd5 6. d4 Nc6 7. Bb5 cxd4 8. exd4
Bd6 9. Bg5 O-O 10. O-O Bg4 11. Bxc6 bxc6 12. h3 Bh5 13. g4 Bg6 14. Ne5 Qc7 15. Bxf6
gxf6 16. Nxg6 fxg6 17. Rc1 Qd7 18. Na4 f5 19. Nc5 Bxc5 20. Rxc5 fxg4 21. Qxg4 Qxg4+
22. hxg4 Rf4 23. f3 Rc8 24. Rf2 Rxd4 25. Rfc2 Rd3 26. Kg2 Rf8 27. Rf2 Rf6 28. Ra5
Rf7 29. Rc5 Rf6 30. Ra5 Rf7 31. Rc5 Rc7 32. Rfc2 d4 33. Kg3 Rf7 34. Rf2 Rf6 35. Ra5
Rf7 36. Rc5 Rf6 37. Ra5 Rf7  1/2-1/2

[Event "Olomouc Chess Summer 2025 - B2"]
[Site "Olomouc (CZE), Hotel Flora"]
[Date "2025.08.19"]
[Round "4"]
[Board "3"]
[White "Bokhnak, Tymofii"]
[Black "Arora, Honi"]
[Result "0-1"]
[WhiteElo "2261"]
[BlackElo "2270"]
[PlyCount "0"]
[EventDate "2025.08.17"]
[EventRounds "9"]
[EventCountry "CZE"]

1. e4 c5 2. Nf3 d6 3. d4 cxd4 4. Nxd4 Nf6 5. Nc3 a6 6. Bc4 e6 7. Be3 b5 8. Bb3 Qc7
9. g4 b4 10. Na4 Nxe4 11. Qe2 Nc5 12. O-O-O Be7 13. f4 O-O 14. g5 Bd7 15. Nxc5 dxc5
16. Nf3 Bb5 17. Bc4 Nc6 18. Kb1 Qb7 19. Bd3 Rfd8 20. Rhe1 Rd5 21. Bf2 Rad8 22. Qe4
Bxd3 23. Rxd3 Rxd3 24. cxd3 Qb5 25. Re3 Rd5 26. h4 b3 27. a3 c4 28. d4 Rd8 29. h5
g6 30. hxg6 hxg6 31. Rc3 Qd5 32. Qe3 Bd6 33. Ka1 Qb5 34. Nd2 Bb4 35. axb4 Qa4+ 36.
Kb1 Qa2+ 37. Kc1 Qa1+ 38. Nb1 Nxb4 39. Rxc4 Na2+ 40. Kd2 Qxb2+ 41. Ke1 Qxb1+ 42.
Ke2 b2 43. Rc5 Qc1  0-1

[Event "Olomouc Chess Summer 2025 - B2"]
[Site "Olomouc (CZE), Hotel Flora"]
[Date "2025.08.19"]
[Round "4"]
[Board "4"]
[White "Lalic, Bogdan"]
[Black "Biolek, Richard"]
[Result "1/2-1/2"]
[WhiteElo "2317"]
[BlackElo "2334"]
[PlyCount "0"]
[EventDate "2025.08.17"]
[EventRounds "9"]
[EventCountry "CZE"]

1. c4 e5 2. Nc3 Nf6 3. Nf3 Nc6 4. g3 d5 5. cxd5 Nxd5 6. Bg2 Nb6 7. O-O Be7 8. a3
O-O 9. b4 Be6 10. d3 a5  1/2-1/2

[Event "Olomouc Chess Summer 2025 - B2"]
[Site "Olomouc (CZE), Hotel Flora"]
[Date "2025.08.19"]
[Round "4"]
[Board "5"]
[White "Jurek, Josef"]
[Black "Postlmayer, Jakob"]
[Result "1/2-1/2"]
[WhiteElo "2137"]
[BlackElo "2422"]
[PlyCount "0"]
[EventDate "2025.08.17"]
[EventRounds "9"]
[EventCountry "CZE"]

1. d4 Nf6 2. Nf3 g6 3. c4 Bg7 4. g3 O-O 5. Bg2 d6 6. Nc3 c5 7. dxc5 dxc5 8. Be3 Nc6
9. Qxd8 Rxd8 10. Bxc5 Be6 11. O-O Nd7 12. Be3 Bxc4 13. Rac1 Rac8 14. Rfe1 Kf8 15.
b3 Ba6 16. Bh3 e6 17. Kf1 Nb4 18. Bg5 Re8 19. Ne4 Nxa2 20. Rcd1 Nc5 21. Nd6 Nxb3
22. Nxc8 Rxc8 23. Rd8+ Rxd8 24. Bxd8 Nc3 25. Bg5 Bb5 26. Bg2 b6 27. Be3 h6 28. Nd2
Nd4 29. Bxd4 Bxd4 30. Ne4 Ke7 31. Nxc3 Bxc3 32. Rb1 Bd7 33. Rc1 Be5 34. f4 Bd6 35.
Bc6 Bxc6 36. Rxc6 Kd7 37. Rc1 h5 38. Ke1 a5 39. Kd2 h4 40. Kc2 hxg3 41. hxg3 a4 42.
Rb1 Bc5 43. e4 f5 44. e5 Ke7 45. Kd3 Kf7 46. Kc4 g5 47. Rh1 Kg6 48. Rh8 g4 49. Rh2
a3 50. Rd2 Kf7 51. Rh2 Ke7  1/2-1/2

[Event "Olomouc Chess Summer 2025 - B2"]
[Site "Olomouc (CZE), Hotel Flora"]
[Date "2025.08.20"]
[Round "5"]
[Board "1"]
[White "Postlmayer, Jakob"]
[Black "Warchol, Kamil"]
[Result "1-0"]
[WhiteElo "2422"]
[BlackElo "2280"]
[PlyCount "0"]
[EventDate "2025.08.17"]
[EventRounds "9"]
[EventCountry "CZE"]

1. e4 c5 2. Nf3 Nc6 3. Bb5 e6 4. O-O Nge7 5. d4 cxd4 6. Nxd4 Ng6 7. Be2 Be7 8. c4
O-O 9. Nc3 d6 10. Be3 a6 11. Rc1 Bd7 12. Nc2 Na7 13. a4 Qb8 14. Na3 Nc6 15. f4 Qd8
16. Qd2 Re8 17. Rfd1 Nf8 18. Rb1 Nb4 19. Nc2 Nxc2 20. Qxc2 Rc8 21. Qb3 Qc7 22. Rbc1
Qb8 23. g3 Bc6 24. Qa2 Bf6 25. Qa3 Bxc3 26. Rxc3 Bxe4 27. Qxd6 Qxd6 28. Rxd6 Red8
29. Rxd8 Rxd8 30. Kf2 Nd7 31. g4 e5 32. a5 exf4 33. Bxf4 Nc5 34. Re3 h6 35. Bc7 Rc8
36. Bb6 Bg6 37. b4 Ne4+ 38. Ke1 Nf6 39. Re7 Be4 40. Bd4 Bh1 41. Bxf6 gxf6 42. Kf2
Bc6 43. Re3 Kf8 44. Rh3 Kg7 45. Rd3 Kg6 46. Rd6 Rc7 47. Bd3+ Kg7 48. Bf5 Ba4 49.
Rd4 Kf8 50. Kg3 Ke7 51. Kf4 Bb3 52. Bd3 Ba4 53. Ke3 Bd7 54. Re4+ Be6 55. Kd4 Rc8
56. Rf4 Rd8+ 57. Ke3 Rh8 58. Be2 Rd8 59. Rd4 Rc8 60. Bd3 Rc7 61. Kd2 Rc8 62. Kc3
Rc7 63. Rf4 Rc8 64. Be2 Rc7 65. Bf3 Rd7 66. b5 Rc7 67. b6 Rd7 68. Rd4 Rxd4 69. Kxd4
Bc8 70. c5 Kd7 71. Bd5  1-0

[Event "Olomouc Chess Summer 2025 - B2"]
[Site "Olomouc (CZE), Hotel Flora"]
[Date "2025.08.20"]
[Round "5"]
[Board "2"]
[White "Biolek, Richard"]
[Black "Jurek, Josef"]
[Result "1/2-1/2"]
[WhiteElo "2334"]
[BlackElo "2137"]
[PlyCount "0"]
[EventDate "2025.08.17"]
[EventRounds "9"]
[EventCountry "CZE"]

1. e4 e6 2. d4 d5 3. e5 c5 4. c3 Bd7 5. Nf3 Nc6 6. Be2 Nge7 7. Na3 cxd4 8. cxd4 Nf5
9. O-O Bxa3 10. bxa3 O-O  1/2-1/2

[Event "Olomouc Chess Summer 2025 - B2"]
[Site "Olomouc (CZE), Hotel Flora"]
[Date "2025.08.20"]
[Round "5"]
[Board "3"]
[White "Arora, Honi"]
[Black "Lalic, Bogdan"]
[Result "1/2-1/2"]
[WhiteElo "2270"]
[BlackElo "2317"]
[PlyCount "0"]
[EventDate "2025.08.17"]
[EventRounds "9"]
[EventCountry "CZE"]

1. e4 e5 2. Nf3 Nc6 3. Bc4 Nf6 4. d3 h6 5. O-O d6 6. c3 g5 7. Nbd2 Bg7 8. Bb3 O-O
9. Nc4 Be6 10. Ne3 d5 11. exd5 Nxd5 12. Nxd5 Bxd5 13. Bc2 Qd7  1/2-1/2

[Event "Olomouc Chess Summer 2025 - B2"]
[Site "Olomouc (CZE), Hotel Flora"]
[Date "2025.08.20"]
[Round "5"]
[Board "4"]
[White "Filindash, Nikita"]
[Black "Bokhnak, Tymofii"]
[Result "1-0"]
[WhiteElo "2134"]
[BlackElo "2261"]
[PlyCount "0"]
[EventDate "2025.08.17"]
[EventRounds "9"]
[EventCountry "CZE"]

1. d4 d5 2. c4 e6 3. Nc3 Nf6 4. cxd5 exd5 5. Bg5 c6 6. e3 h6 7. Bh4 Be7 8. Bd3 O-O
9. Qc2 Ne8 10. Bxe7 Qxe7 11. Nf3 Be6 12. O-O Nd7 13. Rae1 Qf6 14. Ne2 Nd6 15. Ng3
Rfe8 16. Nd2 Rac8 17. b4 Nb6 18. Nb3 Rcd8 19. f3 Qg5 20. e4 dxe4 21. fxe4 Bc4 22.
Bxc4 Ndxc4 23. Qf2 Rd7 24. Nc5 Rc7 25. Re2 Qg6 26. Rc2 Qg5 27. Re2 g6 28. e5 Rd8
29. Nge4 Qe7 30. Nf6+ Kg7 31. e6 Nd5 32. Nxd5 Rxd5 33. exf7 Qxf7 34. Ne6+ Kg8 35.
Nxc7 Rf5 36. Qe1 Qxc7 37. Re8+  1-0